000 00698nam a22002177a 4500
005 20180803163735.0
010 _aA-821038
020 _c160.00
_a8185402833
035 _aA-821038
037 _bBPPD/PUB
082 _a324.60954
_bAGA
100 _aAggarwal, J. C.
245 _aElections in india 1952-96 :
_cby J. C. Aggarwal [and] N. K. Chowdhry
_bconstituency profiles, results and analysis focussing poll 1996
246 _b
260 _bShipra Publications
_c1996
_a Delhi
270 _a115A, vikas marg, shakarpur
_bDelhi
_e110092
300 _axi, 300p.:
_c25cm(Pb)
500 _aincludes index
700 _aChowdhry, N K
942 _2ddc
_cEN
_h324.60954
_mAGA
999 _c155424
_d155424